00614 2200229 4500001002100000005001500021035002000036007000300056008004100059020001800100082001000118084001600128100002100144245006000165250001600225260004400241300004300285650001400328505001300342990001500355990001400370INLIS00000000000159720230303095258 a0010-0323000016ta230303 g 0 ind  a979-421-377-2 a581.1 a581.1 BEN d0 aBenyamin Lakitan1 aDasar-Dasar Fisiologi Tumbuhan :b- /cBenyamin Lakitan a1, cet.ke-1 aJakarta :bRaja Grafindo Persada,c2010 axvi, 206 hlm :bilus. ;c14 x 21 cme- 4aFisiologi ahlm. 206 a2011001513 a201700110